000 00724nam a2200277Ia 4500
003 OSt
005 20221006144758.0
006 a|||||r|||| 00| 0
007 ta
008 221006b |||||||| |||| 00| 0 chi d
020 _a9787532524808
_cYu 7.50
024 _a12,693
037 _bGift, PRC
_cTextual
040 _aEASL
_cEASL
_bchi
041 _2chi
_achi
082 _aP41, N8
100 _aWANG Guowei
_9652827
245 0 _aRen jian ci hua
260 _aShanghai
_bShanghai Guji Chubanshe China
_c1998
300 _a78p.
_ccm.
490 _v CL
650 _a CL
_9642733
650 _aLinguistic
_9558313
942 _hP41, N8
_cTEXL
_2CC
999 _c1080779
_d1080779